| 000 | 00355nam a2200145 i 4500 | ||
|---|---|---|---|
| 001 | 39547 | ||
| 003 | ES-MaACL | ||
| 005 | 20230906160025.0 | ||
| 007 | t| | ||
| 008 | 030303s1963 sp ||||1| spa d | ||
| 245 | 0 | 0 | _aCancionero Parroquial. |
| 260 |
_a[Avila] : _bLa Torre, _c[1963] |
||
| 300 |
_a141 p. ; _c14 cm. |
||
| 852 |
_aES-MaACL _jC-25678 _bR.53880 |
||
| 999 |
_c39547 _d39547 |
||